Využitie akumulácie chladu pri návrhu klimatizačného systému budovy

Saved in:
Bibliographic Details
Main Author: Mečiar, Jozef (Author)
Other Authors: Masaryk, Michal (Thesis advisor)
Format: Manuscript Book
Language:Slovak
Published: 2025
Subjects:
Online Access:http://is.stuba.sk/zp/portal_zp.pl?podrobnosti=186003
CRZP
Tags: Add Tag
No Tags, Be the first to tag this record!

MARC

LEADER 00000ntm a22000003a 4500
001 stuzp104319
003 SK-STU
005 20250729140913.9
007 ta
008 150427s2015----xo-----f-mn---000-0-slo-d
040 |a STU  |b slo 
041 0 |a slo 
100 1 |a Mečiar, Jozef  |u 010290  |4 aut  |U SvF Stavebná fakulta  |T SvF Katedra technických zariadení budov  |X 94089  |U V290  |Y 31  |7 94089 
242 0 1 |a Utilization od cold accumulation systems in building air-condition  |y eng 
245 1 0 |a Využitie akumulácie chladu pri návrhu klimatizačného systému budovy 
260 |c 2025 
650 4 |a chiller  |2 eng 
650 4 |a ice storage  |2 eng 
650 4 |a cooling system  |2 eng 
650 4 |a STN 73 0548  |2 eng 
650 4 |a heat load  |2 eng 
650 4 |a cold storage  |2 eng 
650 4 |a akumulácia chladu  |2 slo 
650 4 |a energetická efektívnosť  |2 slo 
650 4 |a STN 73 0548  |2 slo 
650 4 |a chiller  |2 slo 
650 4 |a tepelná záťaž  |2 slo 
650 4 |a ľadový zásobní  |2 slo 
650 4 |a chladiaci systém  |2 slo 
700 1 |a Masaryk, Michal  |u 020060  |k Z1  |4 ths  |U SjF Strojnícka fakulta  |T SjF Ústav energetických strojov a zariadení  |X 3392  |U J0060  |Y 805  |7 A000003392 
856 4 |u http://is.stuba.sk/zp/portal_zp.pl?podrobnosti=186003 
856 4 |u https://opac.crzp.sk/?fn=detailBiblioForm&sid=809C367C54749DCAA343A6FF7E5A  |z CRZP